| 000 | 00526nam a22001817a 4500 | ||
|---|---|---|---|
| 003 | NUST | ||
| 005 | 20260202151426.0 | ||
| 008 | 260202b ||||| |||| 00| 0 eng d | ||
| 020 | _a978-8123911779 | ||
| 082 | _a604.2 | ||
| 100 |
_aM. Bhattacharyya, S. Pal _9133020 |
||
| 245 |
_aFundamentals Of Engineering Drawing _c Bhattacharyya / Pal. |
||
| 250 | _a4th Edition | ||
| 260 |
_aIndia: _bCBS Publisher & Distributors P Ltd, _c2011 |
||
| 300 |
_a148 p; _c9.57 x 0.31 x 7.4 inches |
||
| 563 | _aPaperback | ||
| 942 |
_2ddc _cBK |
||
| 999 |
_c616014 _d616014 |
||